00523nam a2200205Ia 4500008004100000020001400041050001400055100001800069245002100087245001400108245007000122260001500192260001600207260000900223300001700232300002700249300001000276440002300286500000800309170918s9999 xx 000 0 und d a439448034 bO818 2001 aOsborne, Will aResearch guide : bpirates / cWill Osborne and Mary Pope Osborne ; illustrated by Sal Murdocca. aNew York : bScholastic, c2001 a117 pages |: bcolored illustration ; c19cm. aMagic treaa house. a680